00596 2200241 4500001002100000005001700021008004100038020001800079035002400097082001200121090001900133100002200152245003300174250001100207260002900218300002400247650002000271850001200291980001500303985000600318999001500324990001500339YOGYA-0209000004898420090227032153.0 ind  a979-8114-30-2 0010-020900000048984 a726.143 a726.143bWic B aWICKERT, Jurgen D aBorobudur, Jurgen D. Wichert aCet. 1 aJakartabIntermasac1991 a62 hlmbilusc26 cm aCandi Borobudur aYOPDYOG a18-10-2007 a1 a96P0077941 a77941-P/96